000 00719nam a22002177a 4500
999 _c9553
_d9553
003 AR-CdUCM
008 190328b ||||| |||| 00| 0 spa d
040 _aMUNICIPALIDAD PROVINCIAL DEL CUSCO
_cBIBLIOTECA MUNICIPAL DEL CUSCO
082 _a184.1 /
_bP66
100 _aPlatón
_917519
245 _aEl banquete del amor /
260 _aBuenos Aires :
_bAlbatros,
300 _a120 paginas ;
_c19 cm.
440 _aLas grandes obras.
_925826
505 _aContenido: Apolodro, un amigo suyo y el coro -- Una calle de Atenas -- Cenaculo de agatón ...
650 _aDiálogos filosóficos
_916453
650 _aFilosofía antigua
_95338
700 _aEmerson, Ralph W.
_925827
942 _2ddc
_cLIBROS
945 _aacv